| 000 | 00696cab a2200241 4500 | ||
|---|---|---|---|
| 001 | WB3321-15 | ||
| 008 | 090401t1997 xxu||||| |||| 00| 0 eng d | ||
| 035 | _a(Sirsi) u78595 | ||
| 041 | _aeng | ||
| 245 | _aPledge on renewable energy | ||
| 260 | _c1997 | ||
| 350 | _a0 | ||
| 490 |
_aObserver _v25 May 1997, 3(1) |
||
| 520 | _aGovernment is set to increase the UK`s use of renewable energy sources to 12% of all electricity generation. | ||
| 650 | _aELECTRICITY GENERATION | ||
| 650 | _aENERGY EFFICIENCY | ||
| 650 | _aRENEWABLE ENERGY | ||
| 650 | _aSOLAR POWER | ||
| 650 | _aWIND POWER | ||
| 690 | _aENVIRONMENTAL AND LAND CONSULTANCY-ENERGY | ||
| 942 | _n0 | ||
| 948 | _c28/05/1997 | ||
| 999 |
_c49426 _d49426 |
||